000 00755nam a22002412 4500
001 0000020538
005 20151217152216.0
008 110921s xx 000 0 eng d
020 _a1412945325 :
040 _aKABU
_cKABU
100 1 _aJames, Nalita.
_@0000180891
245 1 0 _aOnline interviewing /
_cNalita James and Hugh Busher.
250 _a1st ed.
260 _aLondon :
_bSAGE,
_c2009.
300 _aix, 161 p.
650 0 _aQualitative research
_xMethodology.
_@0000161047
650 0 _aInterviewing.
_@0000157280
650 0 _aQualitative research
_xComputer network resources.
_@0000180892
700 1 _aBusher, Hugh.
_@0000180893
852 1 _9p3447.20 KES
908 _a110921
950 _@1
999 _c9386
_d9386